01015cam a2200289 a 450000100100000000500170001000800410002702000150006804000300008308200170011324500820013026000440021230000270025649000230028349000240030650400350033050400410036565000250040665000190043170000310045070000230048170000230050470000210052770000290054871001040057783000440068100001179820200929162553.0940912s1992 ve a b 001 0 spa d a9802594997 aDO-SdBNPbspacDLCdBNPHU a460.87bI19i03aEl idioma español de la Venezuela actual /cAlexandra Alvarez ... [et al.]. aCaracas, (Venezuela) :bLagoven,c1992. a98 p. :bil. ;c22 cm.1 aCuadernos Lagoven.1 aSerie Medio milenio aIncluye índice onosmástico aIncluye referencias bibliográficas 4aEspañolzVenezuela 4aVenezolanismos1 aAlvarez, Alexandra,d1946-1 aBentivoglio, Paola1 aObediente, Enrique1 aSedano, Mercedes1 aTejera, María Josefina2 aComisión Venezolana para la conmemoración del Quinto Centenario del descubrimiento de América 0aCuadernos Lagoven.pSerie Medio milenio